000 00715nam a2200241 i 4500
001 C2-0252100
003 PPAK
005 20180727215327.0
008 031028s1997 my a|||| ||||| | may d
022 _a1394-3421
040 _aPPAK
_beng
_cPPAK
_erda
082 0 4 _a334.6833009595
_223
090 0 0 _a334.6833009595
_bPEL
_dKK
245 0 0 _aPeladang :
_bsetitik peluh sebutir intan
264 1 _aSelangor :
_bPertubuhan Peladang Kebangsaan (NAFAS) ,
_c1997
300 _a69 pages :
_bcolour illustrations ;
_c30 cm
336 _2rdacontent
_atext
337 _2rdamedia
_aunmediated
338 _2rdacarrier
_avolume
500 _aBilangan 6
650 1 0 _aAgriculture, corporative - Malaysia
942 _ddc
_cB
999 _c65158
_d65158